<?xml version="1.0" encoding="UTF-8"?>
<record
    xmlns:xsi="http://www.w3.org/2001/XMLSchema-instance"
    xsi:schemaLocation="http://www.loc.gov/MARC21/slim http://www.loc.gov/standards/marcxml/schema/MARC21slim.xsd"
    xmlns="http://www.loc.gov/MARC21/slim">

  <leader>01462nam0a2200361   4500</leader>
  <controlfield tag="001">RU\NLR\bibl\866068</controlfield>
  <controlfield tag="005">20250614160527.0</controlfield>
  <datafield tag="010" ind1=" " ind2=" ">
    <subfield code="a">5-98528-004-7</subfield>
    <subfield code="b">&#x432; &#x43F;&#x435;&#x440;.</subfield>
  </datafield>
  <datafield tag="021" ind1=" " ind2=" ">
    <subfield code="a">RU</subfield>
    <subfield code="b">2005-38499</subfield>
    <subfield code="9">1913</subfield>
  </datafield>
  <datafield tag="035" ind1=" " ind2=" ">
    <subfield code="a">(nilc)RSL-KNO-002676228</subfield>
  </datafield>
  <datafield tag="035" ind1=" " ind2=" ">
    <subfield code="a">(NLR Aleph) 000854714</subfield>
  </datafield>
  <datafield tag="090" ind1=" " ind2=" ">
    <subfield code="a">1502232</subfield>
    <subfield code="c">1502232</subfield>
  </datafield>
  <datafield tag="100" ind1=" " ind2=" ">
    <subfield code="a">20050616d2005    |||y0rusy50      ca</subfield>
  </datafield>
  <datafield tag="101" ind1="1" ind2=" ">
    <subfield code="a">rus</subfield>
    <subfield code="c">eng</subfield>
  </datafield>
  <datafield tag="102" ind1=" " ind2=" ">
    <subfield code="a">RU</subfield>
  </datafield>
  <datafield tag="105" ind1=" " ind2=" ">
    <subfield code="a">y   |||||||||</subfield>
  </datafield>
  <datafield tag="106" ind1=" " ind2=" ">
    <subfield code="a">r</subfield>
  </datafield>
  <datafield tag="200" ind1="1" ind2=" ">
    <subfield code="a">&#x423;&#x440;&#x43E;&#x43A;&#x438; &#x43F;&#x43E;&#x441;&#x432;&#x44F;&#x449;&#x435;&#x43D;&#x43D;&#x43E;&#x433;&#x43E;</subfield>
    <subfield code="e">&#x43F;&#x438;&#x441;&#x44C;&#x43C;&#x430; &#x43A; &#x443;&#x447;&#x430;&#x449;&#x438;&#x43C;&#x441;&#x44F;</subfield>
    <subfield code="f">&#x41C;&#x430;&#x43A;&#x441; &#x413;&#x435;&#x43D;&#x434;&#x435;&#x43B;&#x44C;</subfield>
    <subfield code="g">[&#x43F;&#x435;&#x440;. &#x441; &#x430;&#x43D;&#x433;&#x43B;.: &#x421;&#x432;&#x435;&#x447;&#x43D;&#x438;&#x43A;&#x43E;&#x432; &#x41C;. &#x421;., &#x410;&#x43B;&#x44C;&#x43F;&#x435;&#x440;&#x43E;&#x432;&#x438;&#x447; &#x418;. &#x413;.]</subfield>
  </datafield>
  <datafield tag="210" ind1=" " ind2=" ">
    <subfield code="a">&#x41C;&#x43E;&#x441;&#x43A;&#x432;&#x430;</subfield>
    <subfield code="c">&#x41B;&#x418;&#x422;&#x41E;&#x41C;&#x415;&#x414;</subfield>
    <subfield code="d">2005</subfield>
  </datafield>
  <datafield tag="215" ind1=" " ind2=" ">
    <subfield code="a">323, [5] &#x441;.</subfield>
    <subfield code="c">&#x43F;&#x43E;&#x440;&#x442;&#x440;.</subfield>
    <subfield code="d">21</subfield>
  </datafield>
  <datafield tag="606" ind1="1" ind2=" ">
    <subfield code="a">&#x420;&#x43E;&#x437;&#x435;&#x43D;&#x43A;&#x440;&#x435;&#x439;&#x446;&#x435;&#x440;&#x44B;</subfield>
    <subfield code="9">1588483</subfield>
    <subfield code="3">RU\NLR\auth\66697881</subfield>
  </datafield>
  <datafield tag="610" ind1="0" ind2=" ">
    <subfield code="a">&#x420;&#x435;&#x43B;&#x438;&#x433;&#x438;&#x44F; -- &#x412;&#x43D;&#x435;&#x432;&#x435;&#x440;&#x43E;&#x438;&#x441;&#x43F;&#x43E;&#x432;&#x435;&#x434;&#x43D;&#x44B;&#x435; &#x444;&#x43E;&#x440;&#x43C;&#x44B; &#x440;&#x435;&#x43B;&#x438;&#x433;&#x438;&#x438; -- &#x41C;&#x430;&#x441;&#x43E;&#x43D;&#x441;&#x442;&#x432;&#x43E; -- &#x412;&#x435;&#x440;&#x43E;&#x443;&#x447;&#x435;&#x43D;&#x438;&#x435; -- &#x41F;&#x435;&#x440;&#x438;&#x43E;&#x434; &#x441;&#x435;&#x440;. 17 &#x432;. - 1918 &#x433;. -- &#x41F;&#x435;&#x440;&#x441;&#x43E;&#x43D;&#x430;&#x43B;&#x438;&#x438; &#x431;&#x43E;&#x433;&#x43E;&#x441;&#x43B;&#x43E;&#x432;&#x43E;&#x432; -- &#x413;&#x435;&#x43D;&#x434;&#x435;&#x43B;&#x44C;, &#x41C;&#x430;&#x43A;&#x441; (1865-1919) - &#x431;&#x43E;&#x433;&#x43E;&#x441;&#x43B;&#x43E;&#x432;</subfield>
  </datafield>
  <datafield tag="686" ind1=" " ind2=" ">
    <subfield code="a">&#x42D;391.3-4-350.8&#x413;&#x435;&#x43D;&#x434;&#x435;&#x43B;&#x44C; &#x41C;.,0</subfield>
    <subfield code="2">rubbk</subfield>
  </datafield>
  <datafield tag="686" ind1=" " ind2=" ">
    <subfield code="a">&#x42D;391,0</subfield>
  </datafield>
  <datafield tag="700" ind1=" " ind2="1">
    <subfield code="a">&#x413;&#x435;&#x43D;&#x434;&#x435;&#x43B;&#x44C;</subfield>
    <subfield code="b">&#x41C;.</subfield>
    <subfield code="f">1865-1919</subfield>
    <subfield code="g">&#x41C;&#x430;&#x43A;&#x441;</subfield>
    <subfield code="4">070</subfield>
  </datafield>
  <datafield tag="801" ind1=" " ind2="0">
    <subfield code="a">RU</subfield>
    <subfield code="b">RuMoRKP</subfield>
    <subfield code="c">20050616</subfield>
    <subfield code="g">rcr</subfield>
  </datafield>
  <datafield tag="801" ind1=" " ind2="1">
    <subfield code="a">RU</subfield>
    <subfield code="b">RuMoRGB</subfield>
    <subfield code="c">20050616</subfield>
  </datafield>
  <datafield tag="801" ind1=" " ind2="2">
    <subfield code="a">RU</subfield>
    <subfield code="b">NLR</subfield>
    <subfield code="c">20051103</subfield>
    <subfield code="g">rcr</subfield>
  </datafield>
  <datafield tag="942" ind1=" " ind2=" ">
    <subfield code="c">BOOK</subfield>
  </datafield>
  <datafield tag="980" ind1=" " ind2=" ">
    <subfield code="a">NB</subfield>
  </datafield>
  <datafield tag="995" ind1=" " ind2=" ">
    <subfield code="5">2005-11-03</subfield>
    <subfield code="a">ad</subfield>
    <subfield code="b">NLR01</subfield>
    <subfield code="c">NLR01</subfield>
    <subfield code="e">RF3</subfield>
    <subfield code="f">2038338</subfield>
    <subfield code="k">2005-3/32084</subfield>
    <subfield code="o">0</subfield>
    <subfield code="r">BOOK</subfield>
    <subfield code="s">2005332084_</subfield>
  </datafield>
  <datafield tag="995" ind1=" " ind2=" ">
    <subfield code="5">2005-11-03</subfield>
    <subfield code="a">ad</subfield>
    <subfield code="b">NLR01</subfield>
    <subfield code="c">NLR01</subfield>
    <subfield code="e">RF3</subfield>
    <subfield code="f">2038340</subfield>
    <subfield code="k">2005-3/32084</subfield>
    <subfield code="o">0</subfield>
    <subfield code="r">BOOK</subfield>
    <subfield code="s">2005332084_</subfield>
  </datafield>
</record>
